000
00315nam a22001457a 4500
999
_c
54921
_d
54921
008
190925b ||||| |||| 00| 0 eng d
020
_a
9780071762205
041
_a
eng
080
_a
658
082
_a
658
100
_a
53
101
_a
MEN
245
_a
What Would Drucker Do Now
_c
Wartzman.R
942
_2
udc
_c
BK